000 00375cam a22001217a 4500
008 180718b1992 xxu||||| |||| 00| 0 eng d
020 _a81 7054 164 6
100 _aSharma, Ghanshyam
245 _aUttar pradesh sivil seva ka sangathan avaim karya-pranali
_cby Ghanshyam Sharma
260 _aNew Delhi
_bCllasic Publishing House
_c1992
300 _a226p.
650 _aSivil seva
999 _c439126
_d439126